[Event "Madrid San Viator op-B 27th"]
[Site "Madrid"]
[Date "2016.10.12"]
[Round "4"]
[White "Arevalo Estriegana, Jorge"]
[Black "Fogue Caro, David"]
[Result "1-0"]
[WhiteElo "1273"]
[BlackElo "1524"]
[PlyCount "53"]
[EventDate "2016.09.25"]
[EventType "swiss"]
[EventRounds "9"]
[EventCountry "ESP"]
[SourceTitle "EXT 2017"]
[Source "ChessBase"]
[SourceDate "2016.10.25"]
[SourceVersion "1"]
[SourceVersionDate "2016.10.25"]
[SourceQuality "1"]

1. d4 Nf6 2. Nf3 g6 3. Bf4 Bg7 4. Nbd2 0-0 5. e3 d6 6. c3 a6 7. Bd3 Nh5 8. Bg3 Nxg3 9. hxg3 Bg4 10. Qc2 e5 11. 0-0-0 b5 12. Rh4 Nd7 13. Rxg4 f5 14. Rh4 e4 15. Nxe4 fxe4 16. Bxe4 Rb8 17. Qb3+ Kh8 18. Bxg6 Nf6 19. Rdh1 d5 20. Bxh7 Nxh7 21. Rxh7+ Kg8 22. R1h5 Kf7 23. Qxd5+ Qxd5 24. Rxd5 Rh8 25. Rh4 Bf6 26. Rh3 Ke6 27. Rdh5 1-0

[Event "Madrid San Viator op-B 25th"]
[Site "Madrid"]
[Date "2015.11.15"]
[Round "8"]
[White "Cabello Rodriguez, Raul"]
[Black "Arevalo Estriegana, Jorge"]
[Result "1-0"]
[WhiteElo "1615"]
[BlackElo "1250"]
[PlyCount "37"]
[EventDate "2015.10.04"]
[EventType "swiss"]
[EventRounds "9"]
[EventCountry "ESP"]
[SourceTitle "EXT 2019"]
[Source "ChessBase"]
[SourceDate "2018.10.10"]
[SourceVersion "1"]
[SourceVersionDate "2018.10.10"]
[SourceQuality "1"]

1. d4 c6 2. c3 d5 3. Nf3 Nf6 4. Bf4 Bg4 5. e3 Nbd7 6. Bd3 e6 7. Nbd2 Be7 8. h3 Bh5 9. Qb3 Nb6 10. 0-0 0-0 11. Rac1 Rc8 12. a4 Bg6 13. Ne5 Bxd3 14. Nxd3 c5 15. Qc2 c4 16. Ne5 Bd6 17. Ndf3 Nh5 18. Ng5 Nxf4 19. Qxh7# 1-0

[Event "Madrid San Viator op-B 25th"]
[Site "Madrid"]
[Date "2015.10.11"]
[Round "2"]
[White "Arevalo Estriegana, Jorge"]
[Black "Hidalgo Prado, David"]
[Result "0-1"]
[WhiteElo "1250"]
[BlackElo "1597"]
[PlyCount "58"]
[EventDate "2015.10.04"]
[EventType "swiss"]
[EventRounds "9"]
[EventCountry "ESP"]
[SourceTitle "EXT 2019"]
[Source "ChessBase"]
[SourceDate "2018.10.10"]
[SourceVersion "1"]
[SourceVersionDate "2018.10.10"]
[SourceQuality "1"]

1. e4 e6 2. d4 d5 3. exd5 exd5 4. Nc3 c6 5. Nf3 Bd6 6. Bd3 Ne7 7. 0-0 0-0 8. Bg5 f6 9. Be3 Nf5 10. Re1 Nxe3 11. fxe3 f5 12. Ne2 g6 13. c4 Nd7 14. Qb3 Nb6 15. Nc3 Kg7 16. cxd5 Nxd5 17. Nxd5 cxd5 18. Kh1 Bc7 19. Rac1 Bb6 20. Ne5 Be6 21. Be2 Rc8 22. Bf3 Rxc1 23. Rxc1 Qd6 24. h3 Rb8 25. Kg1 f4 26. Bg4 Bxg4 27. Nxg4 fxe3 28. Qxe3 Rf8 29. Qe5+ Qxe5 0-1